Ο Πάππος ο Αλεξανδρεύς και τα μαθηματικά της ύστερης αρχαιότητας : Serafina Cuomo
Saved in:
| Main Author: | |
|---|---|
| Other Authors: | , |
| Format: | Book |
| Language: | Greek English |
| Published: |
[Αθήνα]:
Ενάλιος,
[2004]
|
| Series: | Η επιστήμη στην αρχαιότητα
|
| Subjects: | |
| Tags: |
Add Tag
No Tags, Be the first to tag this record!
|
MARC
| LEADER | 00000cam a2200000 i 4500 | ||
|---|---|---|---|
| 001 | 1/69475 | ||
| 008 | 080108s2004 gr | ||| |||| ||gre|| | ||
| 020 | |a 9605361310 | ||
| 035 | |l 10093424 | ||
| 040 | |a GR-MyUa |b gre |e AACR2 | ||
| 041 | 1 | |a gre |h eng | |
| 082 | 7 | |a 510.093 |2 (22) | |
| 100 | 1 | |a Cuomo, S. |q (Serafina) | |
| 245 | 1 | 2 | |a Ο Πάππος ο Αλεξανδρεύς και τα μαθηματικά της ύστερης αρχαιότητας : |b Serafina Cuomo / |c μετάφραση από τα αγγλικά: Γιώργος Κουσουνέλος ; επιμέλεια: Ελένη Κεκροπούλου. |
| 260 | |a [Αθήνα]: |b Ενάλιος, |c [2004] | ||
| 300 | |a 308 σ. ; |c 21 εκ. | ||
| 490 | 1 | |a (Η επιστήμη στην αρχαιότητα) | |
| 500 | |a Τίτλος πρωτοτύπου: Pappus of Alexandria and the mathematics of late antiquity. | ||
| 504 | |a Βιβλιογραφία: σ. 281-304 και ευρετήριο. | ||
| 600 | 0 | 7 | |2 nlgaf |a Πάππος ο Αλεξανδρεύς, |d 3ος/4ος αι. μ.Χ. |
| 650 | 0 | |a Mathematics, Greek. | |
| 650 | 0 | |a Mathematics, Ancient. | |
| 700 | 1 | |a Κεκροπούλου, Ελένη, |e edtf | |
| 700 | 1 | |a Κουσουνέλος, Γεώργιος Η., |d 1938- |e trl | |
| 830 | 0 | |a Η επιστήμη στην αρχαιότητα | |
| 852 | |a INST |b RHODES |e 20080108 |h 510.093 CUO |p 005400030311 |q 005400030311 |t BK |y 0 | ||
| 901 | |a BIBL4-2008-1 | ||
| 922 | |a 4ΕΛΗ |b 200711 |c ΕΠΕΑΕΚ2/ΠΤΔΕ |d Σ. ΠΑΤΑΚΗΣ | ||
| 970 | |a Χαριοπολίτου |b Κωνσταντίνα |z 2008/01/08 | ||